| 000 | 01920nam0a22002771i 4500 | ||
|---|---|---|---|
| 001 | rc\889856 | ||
| 005 | 20240723130044.0 | ||
| 035 | _a(NLR Aleph) 006066668 | ||
| 090 |
_a4962614 _c4962614 |
||
| 100 | _a20041129d1984 u |0rusy50 ca | ||
| 101 | 0 | _arus | |
| 102 | _aRU | ||
| 105 | _aa ||||||||| | ||
| 200 | 1 |
_aО гидродинамических силах, действующих на замыкатель в области смыкания каверны при произвольном неустановившемся движении системы кавитатор-каверна-замыкатель в весомой жидкости _fЕ.Н. Капанкин |
|
| 210 |
_aМ. _cЦАГИ _d1984 |
||
| 215 |
_a29 с. _cил. _d26 |
||
| 225 | 1 |
_aТруды Центрального аэро-гидродинамического института им. Н.Е. Жуковского _v№ 2244 |
|
| 320 | _aБиблиогр. в конце ст. | ||
| 333 | _aДСП. Экз. № 07 | ||
| 423 | 0 |
_12001#$aЭкспериментальное исследование совместного влияния весомости жидкости и подъемной силы кавитатора на характер течения в хвостовой части каверны и унос газа из нее$fЕ.Н. Капанкин, А.В. Гусев _1700#1$aКапанкин$bЕ.Н. _1701#1$aГусев$bА.В. _tЭкспериментальное исследование совместного влияния весомости жидкости и подъемной силы кавитатора на характер течения в хвостовой части каверны и унос газа из нее _aКапанкин, Е.Н. |
|
| 700 | 1 |
_aКапанкин _bЕ.Н. |
|
| 801 | 0 |
_aRU _bNLR _gpsbo |
|
| 801 | 1 |
_aRU _bELAR _2rusmarc |
|
| 852 |
_aNLR _jП11/665 |
||
| 852 |
_aNLR _jОСХ |
||
| 942 | _cBOOK | ||